[Event "Catalunya-chT Gp2"]
[Site "Barcelona"]
[Date "2022.02.12"]
[Round "4.2"]
[White "Alonso Bouza, Julio Javier"]
[Black "Rodriguez Cespedes, Amador"]
[Result "1/2-1/2"]
[WhiteElo "2396"]
[BlackElo "2402"]
[PlyCount "34"]
[EventDate "2022.01.22"]
[EventType "team-tourn"]
[EventRounds "9"]
[EventCountry "ESP"]
[SourceTitle "CBM 208 Extra"]
[Source "ChessBase"]
[SourceDate "2022.07.31"]
[SourceVersion "1"]
[SourceVersionDate "2022.07.31"]
[SourceQuality "1"]
[WhiteTeam "Cerdanyola Valles"]
[BlackTeam "Platja D'Aro"]
[WhiteTeamCountry "ESP"]
[BlackTeamCountry "ESP"]

1. e4 c6 2. c4 d5 3. exd5 cxd5 4. cxd5 Nf6 5. Nc3 Nxd5 6. Nf3 e6 7. Bc4 Nc6 8. 0-0 Be7 9. d4 0-0 10. Re1 a6 11. a3 Nxc3 12. bxc3 b5 13. Bd3 Bb7 14. h4 Bxh4 15. Nxh4 Qxh4 16. Re3 Qd8 17. a4 b4 1/2-1/2

[Event "Madrid-chT 1718"]
[Site "Madrid"]
[Date "2018.02.18"]
[Round "10.24"]
[White "Rodriguez Cespedes, Amador"]
[Black "Plazuelo Pascual, Juan"]
[Result "1-0"]
[WhiteElo "2403"]
[BlackElo "2340"]
[PlyCount "131"]
[EventDate "2017.11.19"]
[EventType "team-tourn"]
[EventRounds "14"]
[EventCountry "ESP"]
[SourceTitle "EXT 2019"]
[Source "ChessBase"]
[SourceDate "2018.10.10"]
[SourceVersion "1"]
[SourceVersionDate "2018.10.10"]
[SourceQuality "1"]
[WhiteTeam "Collado Villalba"]
[BlackTeam "Virgen de Atocha"]
[WhiteTeamCountry "ESP"]
[BlackTeamCountry "ESP"]

1. Nf3 Nf6 2. g3 b6 3. Bg2 Bb7 4. 0-0 g6 5. c4 Bg7 6. d4 0-0 7. Nc3 Ne4 8. Nxe4 Bxe4 9. Be3 d5 10. Qc1 Nc6 11. Rd1 Re8 12. Ne1 Bxg2 13. Nxg2 dxc4 14. Qxc4 Na5 15. Qa4 Qd6 16. Rac1 c6 17. Bd2 Nb7 18. Bf4 Qe6 19. Qxc6 Qxc6 20. Rxc6 Rac8 21. Rxc8 Rxc8 22. Ne1 Na5 23. Nf3 Rc2 24. Rd2 Rc1+ 25. Kg2 h6 26. b3 g5 27. Be3 Nc6 28. h4 g4 29. Ne5 Nxe5 30. dxe5 Rc7 31. Bf4 e6 32. h5 Bf8 33. f3 gxf3+ 34. exf3 Kg7 35. g4 b5 36. Be3 a6 37. f4 Ba3 38. Re2 Bc1 39. Kf2 Bxe3+ 40. Rxe3 Rc2+ 41. Re2 Rc3 42. f5 exf5 43. gxf5 Rh3 44. f6+ Kf8 45. Kg2 Rxh5 46. Kg3 Ke8 47. Kf4 Rh4+ 48. Kf5 Rh5+ 49. Ke4 Rh4+ 50. Kd5 Kd7 51. Rd2 Rh5 52. b4 Kc7 53. Rg2 Rh1 54. Rg7 Rd1+ 55. Ke4 Re1+ 56. Kf4 Rf1+ 57. Kg3 Rf5 58. Rxf7+ Kd8 59. Re7 h5 60. a3 Rf1 61. Kh3 Rf2 62. Re6 Rf5 63. Kg3 Kd7 64. Re7+ Kc6 65. f7 Kd5 66. e6 1-0

[Event "Madrid-chT 1718"]
[Site "Madrid"]
[Date "2018.01.14"]
[Round "5.13"]
[White "Rodriguez Cespedes, Amador"]
[Black "Prieto Martin, Alfonso"]
[Result "1/2-1/2"]
[WhiteElo "2403"]
[BlackElo "2187"]
[PlyCount "59"]
[EventDate "2017.11.19"]
[EventType "team-tourn"]
[EventRounds "14"]
[EventCountry "ESP"]
[SourceTitle "EXT 2019"]
[Source "ChessBase"]
[SourceDate "2018.10.10"]
[SourceVersion "1"]
[SourceVersionDate "2018.10.10"]
[SourceQuality "1"]
[WhiteTeam "Collado Villalba"]
[BlackTeam "Alcorcon"]
[WhiteTeamCountry "ESP"]
[BlackTeamCountry "ESP"]

1. e4 c5 2. Nf3 Nf6 3. e5 Nd5 4. Nc3 e6 5. Nxd5 exd5 6. d4 Nc6 7. dxc5 Bxc5 8. Qxd5 Qb6 9. Bc4 Bxf2+ 10. Ke2 0-0 11. Rf1 Bc5 12. Ng5 Nd4+ 13. Kd1 Ne6 14. Ne4 d6 15. exd6 Bd7 16. Nxc5 Nxc5 17. Qd4 Be6 18. Bxe6 fxe6 19. Rxf8+ Rxf8 20. b4 Na4 21. Qxb6 Nxb6 22. Ke2 Rd8 23. Be3 Rxd6 24. Bc5 Rc6 25. Bxb6 Rxb6 26. c3 Kf7 27. a3 e5 28. c4 Ke6 29. Kd3 Rd6+ 30. Kc3 1/2-1/2

[Event "Madrid-chT 1617"]
[Site "Madrid"]
[Date "2017.02.26"]
[Round "11.32"]
[White "Suarez Uriel, Adrian"]
[Black "Rodriguez Cespedes, Amador"]
[Result "1-0"]
[WhiteElo "2354"]
[BlackElo "2424"]
[PlyCount "97"]
[EventDate "2016.11.20"]
[EventType "team-tourn"]
[EventRounds "14"]
[EventCountry "ESP"]
[SourceTitle "EXT 2018"]
[Source "ChessBase"]
[SourceDate "2017.10.13"]
[SourceVersion "1"]
[SourceVersionDate "2017.10.13"]
[SourceQuality "1"]
[WhiteTeam "La Casa del Ajedrez"]
[BlackTeam "64 Villalba"]
[WhiteTeamCountry "ESP"]
[BlackTeamCountry "ESP"]

1. e4 e5 2. Nf3 Nc6 3. Bb5 a6 4. Ba4 Nf6 5. 0-0 Be7 6. d3 b5 7. Bb3 d6 8. a3 0-0 9. Nc3 Rb8 10. Nd5 Nxd5 11. Bxd5 Bd7 12. Be3 Bf6 13. c3 Ne7 14. Ba2 Ng6 15. d4 Re8 16. Qc2 Qe7 17. Rfe1 c5 18. dxc5 dxc5 19. Bd5 Bg4 20. Nd2 Nf4 21. b4 Nxd5 22. exd5 cxb4 23. axb4 Qd6 24. f3 Bc8 25. Ne4 Qxd5 26. Red1 Qa8 27. Nxf6+ gxf6 28. Qf2 Bf5 29. Rd6 Re6 30. Raxa6 Rxd6 31. Qg3+ Bg6 32. Rxd6 Rd8 33. Rxd8+ Qxd8 34. h4 h5 35. f4 Qd1+ 36. Kh2 Qg4 37. Qxg4 hxg4 38. Kg3 Bf5 39. c4 bxc4 40. b5 c3 41. b6 Bc8 42. f5 Bb7 43. Kxg4 Bxg2 44. h5 Kg7 45. Kg3 Bb7 46. Kf2 Be4 47. Ke2 Kh7 48. h6 Kg8 49. Bc1 1-0

[Event "Madrid-chT 1516"]
[Site "Madrid"]
[Date "2016.03.13"]
[Round "14.22"]
[White "Rodriguez Cespedes, Amador"]
[Black "Alarcia Astiz, Carlos"]
[Result "1/2-1/2"]
[WhiteElo "2424"]
[BlackElo "2337"]
[PlyCount "50"]
[EventDate "2015.11.22"]
[EventType "team-tourn"]
[EventRounds "14"]
[EventCountry "ESP"]
[SourceTitle "EXT 2018"]
[Source "ChessBase"]
[SourceDate "2017.10.13"]
[SourceVersion "1"]
[SourceVersionDate "2017.10.13"]
[SourceQuality "1"]
[WhiteTeam "Villalba 64"]
[BlackTeam "Blanco y Negro"]
[WhiteTeamCountry "ESP"]
[BlackTeamCountry "ESP"]

1. e4 c6 2. d4 d5 3. Nd2 dxe4 4. Nxe4 Bf5 5. Ng3 Bg6 6. h4 h6 7. Nf3 Nd7 8. h5 Bh7 9. Bd3 Bxd3 10. Qxd3 e6 11. Bd2 Qc7 12. 0-0-0 0-0-0 13. Qe2 Ngf6 14. Ne5 Nb6 15. Ba5 Rd5 16. Bxb6 axb6 17. c4 Rd8 18. Kb1 c5 19. Nf3 Bd6 20. Ne4 Nxe4 21. Qxe4 Rhe8 22. Rd3 Be7 23. Rhd1 Bf6 24. g4 Kb8 25. b3 Kc8 1/2-1/2

[Event "Catalunya-chT GpB final"]
[Site "Barcelona"]
[Date "2015.04.11"]
[Round "10.4"]
[White "Pablo Marin, Alejandro"]
[Black "Rodriguez Cespedes, Amador"]
[Result "1/2-1/2"]
[WhiteElo "2379"]
[BlackElo "2415"]
[PlyCount "52"]
[EventDate "2015.03.14"]
[EventType "team-tourn"]
[EventRounds "11"]
[EventCountry "ESP"]
[SourceTitle "EXT 2016"]
[Source "ChessBase"]
[SourceDate "2015.10.08"]
[SourceVersion "1"]
[SourceVersionDate "2015.10.08"]
[SourceQuality "1"]
[WhiteTeam "Terrassa"]
[BlackTeam "Montcada"]
[WhiteTeamCountry "ESP"]
[BlackTeamCountry "ESP"]

1. e4 e5 2. Nf3 Nc6 3. Bb5 a6 4. Ba4 Nf6 5. 0-0 Be7 6. Re1 b5 7. Bb3 d6 8. c3 0-0 9. h3 Nb8 10. d4 Nbd7 11. Nbd2 Bb7 12. Bc2 Re8 13. Nf1 Bf8 14. Ng3 g6 15. a4 c5 16. d5 c4 17. Bg5 h6 18. Be3 Qc7 19. Qd2 Kh7 20. Ra3 Nc5 21. Rea1 Nfd7 22. Qd1 Nb6 23. axb5 axb5 24. Rxa8 Bxa8 25. h4 Bb7 26. h5 Nba4 1/2-1/2

[Event "Catalunya-chT Gp1"]
[Site "Barcelona"]
[Date "2015.02.14"]
[Round "4.4"]
[White "Amigo Villalta, Jordi"]
[Black "Rodriguez Cespedes, Amador"]
[Result "1/2-1/2"]
[WhiteElo "2279"]
[BlackElo "2415"]
[PlyCount "50"]
[EventDate "2015.01.24"]
[EventType "team-tourn"]
[EventRounds "7"]
[EventCountry "ESP"]
[SourceTitle "CBM 164 Extra"]
[Source "ChessBase"]
[SourceDate "2015.03.02"]
[SourceVersion "1"]
[SourceVersionDate "2015.03.02"]
[SourceQuality "1"]
[WhiteTeam "Catalunya"]
[BlackTeam "Montcada"]
[WhiteTeamCountry "ESP"]
[BlackTeamCountry "ESP"]

1. d4 Nf6 2. c4 e6 3. g3 Bb4+ 4. Bd2 Be7 5. Bg2 d5 6. Nf3 c6 7. 0-0 b6 8. cxd5 cxd5 9. Nc3 0-0 10. Bf4 Bb7 11. Bxb8 Rxb8 12. Rc1 a6 13. Ne5 b5 14. e3 Qa5 15. f4 Rbc8 16. g4 Ne4 17. Bxe4 dxe4 18. g5 b4 19. Qa4 Qd8 20. Nb1 Qd5 21. Qd7 Qxd7 22. Nxd7 Rfd8 23. Nb6 Rb8 24. Nd2 Kf8 25. h4 Ke8 1/2-1/2

[Event "Doeberl Cup 50th"]
[Site "Canberra"]
[Date "2012.04.09"]
[Round "9"]
[White "Rodriguez Cespedes, Amador"]
[Black "Yang, Kaiqi"]
[Result "1/2-1/2"]
[WhiteElo "2440"]
[BlackElo "2360"]
[PlyCount "96"]
[EventDate "2012.04.05"]
[EventType "swiss"]
[EventRounds "9"]
[EventCountry "AUS"]
[SourceTitle "CBM 147 Extra"]
[Source "ChessBase"]
[SourceDate "2012.04.24"]
[SourceVersion "1"]
[SourceVersionDate "2012.04.24"]
[SourceQuality "1"]

1. e4 c5 2. Nf3 Nc6 3. d4 cxd4 4. Nxd4 Nf6 5. Nc3 g6 6. Nxc6 bxc6 7. e5 Ng8 8. Bc4 Bg7 9. Bf4 f6 10. Qe2 fxe5 11. Bxe5 Nf6 12. Ne4 Qa5+ 13. Bc3 Qc7 14. g4 Qf4 15. g5 Qxe4 16. Qxe4 Nxe4 17. Bxg7 Rf8 18. Bxf8 Kxf8 19. h4 Kg7 20. Bd3 Nc5 21. 0-0-0 d6 22. Rhe1 Kf8 23. c4 a5 24. Bc2 Be6 25. b3 Rb8 26. Kd2 Kg7 27. Ke3 Rf8 28. f4 Bg4 29. Rd2 Ne6 30. Rg2 Bf5 31. Bxf5 Rxf5 32. Rf2 Kf7 33. Ref1 Ke8 34. Kd3 Kd7 35. Kc3 c5 36. Kb2 Ng7 37. Ka3 Kc6 38. Ka4 e6 39. Re1 Rf7 40. Rb1 Rb7 41. Re2 Rf7 42. h5 gxh5 43. Rxe6 Rxf4 44. Rh6 Rf2 45. a3 Rf7 46. Kxa5 Re7 47. Rxh5 Rf7 48. Rh3 Re7 1/2-1/2

[Event "Catalunya-chT"]
[Site "Catalunya"]
[Date "2012.03.17"]
[Round "8.2"]
[White "Rodriguez Cespedes, Amador"]
[Black "Cuartas Medina, Jorge Humberto"]
[Result "1/2-1/2"]
[WhiteElo "2442"]
[BlackElo "2284"]
[PlyCount "104"]
[EventDate "2012.01.28"]
[EventType "team-tourn"]
[EventRounds "11"]
[EventCountry "ESP"]
[SourceTitle "EXT 2013"]
[Source "ChessBase"]
[SourceDate "2012.11.22"]
[SourceVersion "1"]
[SourceVersionDate "2012.11.22"]
[SourceQuality "1"]
[WhiteTeam "Badalona Sant Josep"]
[BlackTeam "Montcada"]
[WhiteTeamCountry "ESP"]
[BlackTeamCountry "ESP"]

1. e4 c5 2. Nf3 Nc6 3. d4 cxd4 4. Nxd4 g6 5. c4 Bg7 6. Be3 Nf6 7. Nc3 0-0 8. Be2 b6 9. 0-0 Bb7 10. f3 Qb8 11. Qd2 Rd8 12. Ndb5 d6 13. Rfd1 Rd7 14. Rac1 Qf8 15. Nd5 h5 16. Bf1 Kh7 17. Qf2 Rdd8 18. a3 Nd7 19. b4 Rac8 20. h3 e6 21. Ndc3 Nf6 22. c5 dxc5 23. bxc5 Ne8 24. cxb6 a6 25. Na7 Rxd1 26. Nxd1 Nxa7 27. bxa7 Rxc1 28. Bxc1 Qd6 29. Qc2 Bd4+ 30. Be3 Bxe3+ 31. Nxe3 Qd4 32. Qf2 Qxa7 33. Nc4 Qxf2+ 34. Kxf2 f6 35. e5 fxe5 36. Nxe5 g5 37. Nd7 Nc7 38. Ke3 Kg7 39. Kd4 Bc6 40. Nc5 Bb5 41. Bxb5 Nxb5+ 42. Ke5 Nxa3 43. Nxa6 Kf7 44. Nc5 Nc4+ 45. Kd4 Nd6 46. g4 hxg4 47. hxg4 Ke7 48. Ne4 Nf7 49. Kc5 Kd7 50. Kb6 Kd8 51. Kc5 Kd7 52. Kb6 Kd8 1/2-1/2

[Event "Catalunya-chT"]
[Site "Catalunya"]
[Date "2012.02.25"]
[Round "5.2"]
[White "Rodriguez Cespedes, Amador"]
[Black "Moskalenko, Viktor"]
[Result "0-1"]
[WhiteElo "2442"]
[BlackElo "2532"]
[PlyCount "104"]
[EventDate "2012.01.28"]
[EventType "team-tourn"]
[EventRounds "11"]
[EventCountry "ESP"]
[SourceTitle "EXT 2013"]
[Source "ChessBase"]
[SourceDate "2012.11.22"]
[SourceVersion "1"]
[SourceVersionDate "2012.11.22"]
[SourceQuality "1"]
[WhiteTeam "Badalona Sant Josep"]
[BlackTeam "Barcelona Escola Escacs"]
[WhiteTeamCountry "ESP"]
[BlackTeamCountry "ESP"]

1. d4 e6 2. c4 f5 3. g3 Nf6 4. Bg2 c6 5. Nd2 d5 6. Nh3 Bd6 7. 0-0 0-0 8. Qc2 Qe7 9. Nf3 Ne4 10. Bf4 Nd7 11. Bxd6 Nxd6 12. cxd5 exd5 13. Nf4 Nf6 14. Ne5 Ng4 15. Nfd3 Nxe5 16. Nxe5 f4 17. Qc5 Be6 18. e3 fxe3 19. fxe3 Rfe8 20. Rf4 Nf7 21. Nd3 Ng5 22. h4 Nf7 23. Raf1 Qxc5 24. Nxc5 Nd6 25. b3 Re7 26. e4 dxe4 27. Nxe4 Nxe4 28. Rxe4 Rae8 29. Rfe1 Kf8 30. Re5 Bf7 31. Bh3 Rxe5 32. dxe5 Ke7 33. Rd1 Be6 34. Bg2 a5 35. Rd4 Rd8 36. Rxd8 Kxd8 37. Kf2 Kc7 38. Ke3 b5 39. Be4 h6 40. Kd4 Kb6 41. Bc2 c5+ 42. Kc3 b4+ 43. Kd3 a4 44. Ke4 a3 45. Bb1 Kc6 46. h5 Kd7 47. Kf4 Ke7 48. g4 c4 49. bxc4 Bxc4 50. g5 b3 51. axb3 Bxb3 52. Kf5 Bc2+ 0-1

[Event "Catalunya-chT"]
[Site "Catalunya"]
[Date "2012.02.04"]
[Round "2.2"]
[White "Alsina Leal, Daniel"]
[Black "Rodriguez Cespedes, Amador"]
[Result "1/2-1/2"]
[WhiteElo "2535"]
[BlackElo "2442"]
[PlyCount "77"]
[EventDate "2012.01.28"]
[EventType "team-tourn"]
[EventRounds "11"]
[EventCountry "ESP"]
[SourceTitle "EXT 2013"]
[Source "ChessBase"]
[SourceDate "2012.11.22"]
[SourceVersion "1"]
[SourceVersionDate "2012.11.22"]
[SourceQuality "1"]
[WhiteTeam "Barcelona Uga"]
[BlackTeam "Badalona Sant Josep"]
[WhiteTeamCountry "ESP"]
[BlackTeamCountry "ESP"]

1. e4 d5 2. exd5 Qxd5 3. Nc3 Qa5 4. d4 Nf6 5. Nf3 Bf5 6. Bc4 e6 7. Bd2 c6 8. Nd5 Qd8 9. Nxf6+ Qxf6 10. Qe2 Bg4 11. d5 Bxf3 12. gxf3 cxd5 13. Bxd5 Nd7 14. 0-0-0 0-0-0 15. Be4 Qe5 16. Bc3 Qc7 17. h4 f6 18. h5 Bd6 19. Rhg1 Nc5 20. Kb1 Be5 21. Qc4 Bxc3 22. Qxc3 Nxe4 23. Rxd8+ Rxd8 24. Qxc7+ Kxc7 25. fxe4 g5 26. hxg6 hxg6 27. Kc1 g5 28. Rh1 Rd4 29. Rh7+ Kc6 30. Rf7 Rxe4 31. Rxf6 Kd6 32. Kd2 Re5 33. Rg6 a5 34. a4 Rf5 35. Ke3 b5 36. axb5 Rxb5 37. b3 a4 38. bxa4 Ra5 39. Rg7 1/2-1/2

[Event "FRA-chT1 1011"]
[Site "France"]
[Date "2010.10.17"]
[Round "1.1"]
[White "Rodriguez Cespedes, Amador"]
[Black "Anic, Darko"]
[Result "1-0"]
[WhiteElo "2439"]
[BlackElo "2414"]
[PlyCount "102"]
[EventDate "2010.10.17"]
[EventType "team-tourn"]
[EventRounds "11"]
[EventCountry "FRA"]
[SourceTitle "EXT 2012"]
[Source "ChessBase"]
[SourceDate "2011.11.24"]
[SourceVersion "1"]
[SourceVersionDate "2011.11.24"]
[SourceQuality "1"]

1. Nf3 c6 2. g3 d5 3. Bg2 g6 4. 0-0 Bg7 5. d4 Nf6 6. b3 0-0 7. Bb2 a5 8. c4 a4 9. Nbd2 Qa5 10. Rc1 Bf5 11. Ne5 Rd8 12. Re1 Ne4 13. Ndf3 Nd7 14. Nd3 b5 15. cxd5 cxd5 16. Nfe5 a3 17. Ba1 Nxe5 18. Nxe5 Qb6 19. Nc6 Re8 20. f3 Nd6 21. Qd2 e5 22. Qb4 Bf8 23. Qc5 Qxc5 24. Rxc5 e4 25. Rxd5 exf3 26. Bxf3 Be4 27. Re5 f6 28. Rxe8 Rxe8 29. Kf2 Bh6 30. d5 Kf7 31. Bd4 Bc2 32. e3 Ne4+ 33. Ke2 Nd6 34. Rc1 Be4 35. Bxe4 Nxe4 36. Nb4 Bf8 37. Rc7+ Re7 38. Rxe7+ Bxe7 39. Nc6 Bd6 40. Na7 b4 41. Kd3 f5 42. Nc8 Bf8 43. Nb6 g5 44. Nc4 h5 45. Nd2 Nf2+ 46. Ke2 Ne4 47. Kd3 Nf2+ 48. Kc4 Nd1 49. Nf3 Be7 50. Ne5+ Ke8 51. Nd3 g4 1-0

[Event "ESP-chT Honor Gp2"]
[Site "Montcada"]
[Date "2009.09.19"]
[Round "4"]
[White "Bernal Moro, Luis Javier"]
[Black "Rodriguez Cespedes, Amador"]
[Result "1/2-1/2"]
[WhiteElo "2438"]
[BlackElo "2453"]
[PlyCount "29"]
[EventDate "2009.09.16"]
[EventType "team-tourn"]
[EventRounds "5"]
[EventCountry "ESP"]
[SourceTitle "CBM 133"]
[Source "ChessBase"]
[SourceDate "2009.11.19"]
[SourceVersion "1"]
[SourceVersionDate "2009.11.19"]
[SourceQuality "1"]

1. c4 Nf6 2. Nc3 e5 3. Nf3 Nc6 4. e3 Be7 5. a3 0-0 6. Qc2 d6 7. b4 Re8 8. Bb2 Bf8 9. Be2 Bg4 10. h3 Bh5 11. d3 Bg6 12. Nh4 a5 13. b5 Ne7 14. Bf3 c6 15. bxc6 1/2-1/2

[Event "Catalunya-chT Honor"]
[Site "Catalunya"]
[Date "2009.03.29"]
[Round "9"]
[White "Rodriguez Cespedes, Amador"]
[Black "Narciso Dublan, Marc"]
[Result "1/2-1/2"]
[WhiteElo "2479"]
[BlackElo "2506"]
[PlyCount "47"]
[EventDate "2009.02.01"]
[EventType "team-tourn"]
[EventRounds "9"]
[EventCountry "ESP"]
[SourceTitle "EXT 2019"]
[Source "ChessBase"]
[SourceDate "2018.10.10"]
[SourceVersion "1"]
[SourceVersionDate "2018.10.10"]
[SourceQuality "1"]
[WhiteTeam "Colon Sabadell"]
[BlackTeam "Montcada"]
[WhiteTeamCountry "ESP"]
[BlackTeamCountry "ESP"]

1. e4 c5 2. Nf3 e6 3. d4 cxd4 4. Nxd4 a6 5. Bd3 Bc5 6. Nb3 Be7 7. c4 d6 8. Nc3 Nf6 9. 0-0 b6 10. Bf4 0-0 11. Re1 Bb7 12. Bf1 Nc6 13. Rc1 Rc8 14. a3 Ne8 15. Be3 Nf6 16. Nd2 Ne5 17. Bf4 Nfd7 18. b4 Qc7 19. Bg3 Rfe8 20. f4 Ng6 21. Nf3 Rcd8 22. Bd3 Qb8 23. Rf1 Qa8 24. Nd2 1/2-1/2

[Event "Catalunya-chT Honor"]
[Site "Catalunya"]
[Date "2009.03.22"]
[Round "8"]
[White "Torrecillas Martinez, Antonio"]
[Black "Rodriguez Cespedes, Amador"]
[Result "1/2-1/2"]
[WhiteElo "2373"]
[BlackElo "2479"]
[PlyCount "42"]
[EventDate "2009.02.01"]
[EventType "team-tourn"]
[EventRounds "9"]
[EventCountry "ESP"]
[SourceTitle "EXT 2019"]
[Source "ChessBase"]
[SourceDate "2018.10.10"]
[SourceVersion "1"]
[SourceVersionDate "2018.10.10"]
[SourceQuality "1"]
[WhiteTeam "Foment Martinenc"]
[BlackTeam "Colon Sabadell"]
[WhiteTeamCountry "ESP"]
[BlackTeamCountry "ESP"]

1. d4 Nf6 2. c4 e6 3. Nf3 b6 4. g3 Bb4+ 5. Bd2 Bxd2+ 6. Qxd2 Ba6 7. b3 d5 8. cxd5 exd5 9. Nc3 0-0 10. e3 Bxf1 11. Kxf1 Nbd7 12. Kg2 Qe7 13. Rac1 c6 14. Qd3 Ne4 15. Nd2 Nxd2 16. Qxd2 Nf6 17. Qd3 Rac8 18. Rc2 Rc7 19. Rhc1 Rfc8 20. Qf5 Ne8 21. h3 g6 1/2-1/2

[Event "Catalunya-chT Honor"]
[Site "Catalunya"]
[Date "2009.02.15"]
[Round "3"]
[White "Rodriguez Cespedes, Amador"]
[Black "Fluvia Poyatos, Joan"]
[Result "0-1"]
[WhiteElo "2479"]
[BlackElo "2467"]
[PlyCount "134"]
[EventDate "2009.02.01"]
[EventType "team-tourn"]
[EventRounds "9"]
[EventCountry "ESP"]
[SourceTitle "EXT 2019"]
[Source "ChessBase"]
[SourceDate "2018.10.10"]
[SourceVersion "1"]
[SourceVersionDate "2018.10.10"]
[SourceQuality "1"]
[WhiteTeam "Colon Sabadell"]
[BlackTeam "Barcelona UGA"]
[WhiteTeamCountry "ESP"]
[BlackTeamCountry "ESP"]

1. e4 c5 2. Nf3 d6 3. Bc4 Nf6 4. d3 Nc6 5. c3 a6 6. Bb3 Bg4 7. h3 Bh5 8. Qe2 e6 9. g4 Bg6 10. Nh4 Be7 11. Nd2 d5 12. Nxg6 hxg6 13. e5 Nd7 14. Nf3 b5 15. d4 b4 16. Kf1 bxc3 17. bxc3 Qa5 18. Bd2 c4 19. Bc2 Rb8 20. a4 Qc7 21. Kg2 Na5 22. h4 Nb3 23. Ra2 Qc6 24. Qd1 Nb6 25. Bxb3 cxb3 26. Qxb3 Kd7 27. Qc2 Nc4 28. Kg3 Na3 29. Qd3 Qc4 30. Qxc4 Nxc4 31. Rc1 Rb3 32. Bg5 Ba3 33. Rcc2 Rc8 34. Kg2 Kc6 35. Nd2 Nxd2 36. Bxd2 Kb6 37. Kf1 Rc4 38. Ke2 Ka5 39. Kd3 Rxa4 40. Bc1 Bxc1 41. Rxa4+ Kxa4 42. Rxc1 Kb5 43. Ra1 a5 44. Kc2 a4 45. f3 Ka5 46. f4 Rb8 47. Rf1 a3 48. f5 gxf5 49. gxf5 exf5 50. Rxf5 Rb2+ 51. Kc1 Rb7 52. Kc2 a2 53. Rf1 Ka4 54. c4 dxc4 55. d5 Ka3 56. Ra1 Rb2+ 57. Kc3 Rb1 58. Rxa2+ Kxa2 59. Kxc4 Rh1 60. Kc5 Rxh4 61. d6 g5 62. d7 Rh8 63. Kd6 g4 64. Ke7 g3 65. Kxf7 g2 66. e6 g1Q 67. e7 Rh7+ 0-1